Zhodnotenie ekonomického rastu na Slovensku bakalárska práca

Gespeichert in:
Bibliographische Detailangaben
1. Verfasser: Matušech, Matej
Körperschaft: Národohospodárska fakulta EU. Katedra hospodárskej politiky
Weitere Verfasser: Morvay, Karol, 1973-
Format: Buch
Sprache:Slowakisch
Veröffentlicht: Bratislava 2017
Tags: Tag hinzufügen
Keine Tags, Fügen Sie das erste Tag hinzu!

MARC

LEADER 00000nbm a2200000 4500
001 0233674
005 20170801092520.8
041 0 |a slo 
044 |a SK 
245 1 0 |a Zhodnotenie ekonomického rastu na Slovensku  |b bakalárska práca  |c Matej Matušech ; školiteľ: Karol Morvay 
264 1 |a Bratislava  |c 2017 
300 |a 41 s. 
100 1 |a Matušech, Matej 
700 1 |a Morvay, Karol, 1973- 
710 2 |a Národohospodárska fakulta EU. Katedra hospodárskej politiky